|
|
|
|
| LEADER |
01304nam a2200337 a 4500 |
| 001 |
35924 |
| 003 |
BD-DhAAL |
| 005 |
20211129160910.0 |
| 008 |
190923t1993 nyua bf 001 0 eng |
| 999 |
|
|
|c 41383
|d 41383
|
| 010 |
|
|
|a 92020899
|
| 020 |
|
|
|a 0801304865
|
| 020 |
|
|
|a 9780801304866
|
| 040 |
|
|
|a DLC
|c DLC
|d DLC
|d BD-DhAAL
|
| 050 |
0 |
0 |
|a LB1028
|b .B59 1993
|
| 082 |
0 |
0 |
|a 370.78
|2 20
|
| 100 |
1 |
|
|a Borg, Walter R.
|9 35134
|
| 245 |
1 |
0 |
|a Applying educational research :
|b a practical guide /
|c Walter R. Borg, Joyce P. Gall, Meredith D. Gall.
|
| 250 |
|
|
|a Third edition
|
| 260 |
|
|
|a New York :
|b Longman,
|c c1993.
|
| 300 |
|
|
|a xvii, 443 pages :
|b illustrations ;
|c 24 cm.
|
| 504 |
|
|
|a Includes bibliographical references (p. 408-410) and indexes.
|
| 526 |
|
|
|a BIED
|
| 541 |
|
|
|a Complimentary copy from BIED
|e 35924
|
| 650 |
|
0 |
|a Education
|x Research
|x Handbooks, manuals, etc.
|9 35135
|
| 650 |
|
0 |
|a Social sciences
|9 35148
|
| 700 |
1 |
|
|a Gall, Joyce P.
|9 35136
|
| 700 |
1 |
|
|a Gall, Meredith D.,
|d 1942-
|9 35137
|
| 852 |
|
|
|a Ayesha Abed Library
|c BIED Collection
|
| 942 |
|
|
|2 ddc
|c BK
|
| 952 |
|
|
|0 0
|1 0
|2 ddc
|4 0
|6 370_780000000000000_BOR
|7 0
|9 66477
|a BRACUL
|b BRACUL
|c GEN
|d 2019-09-23
|e Complimentary copy from BIED
|l 0
|o 370.78 BOR
|p 3010035924
|r 2019-09-23
|t 1
|w 2019-09-23
|y BK
|x Transferred from BIED to General Stacks
|